00322 2200145 4500245003800000250001100038100002000049650001700069650001600086005001900102260001800121041001400139084001400153336000900167 aColor LifecNaila Nur AfifahText aCet. 1 aNaila Nur Afifa aAutobiografi aKarya Siswa a20250522113411 aJakartac2025 aIndonesia a081 NAI c atext